| 000 | 00521nam a2200205Ia 4500 | ||
|---|---|---|---|
| 008 | 210417s9999 xx 000 0 und d | ||
| 020 | _a9780070277267 | ||
| 020 | _b70277265 | ||
| 082 | _a657.48 DEE | ||
| 082 | _b22.657.48 DEE | ||
| 245 | 0 | _aFinancial accounting theory | |
| 245 | 0 | _cFinancial accounting theory | |
| 250 | _a3rd ed. | ||
| 250 | _b"xxiii, 581 p. :ill. ; 26 cm.;pbk." | ||
| 260 | _aNew York | ||
| 260 | _bMcGraw Hill | ||
| 260 | _c2013 | ||
| 700 | _a"Deegan,Craig" | ||
| 700 | _bCraig Deegan. | ||
| 999 |
_c493204 _d493204 |
||